Bāṃlā kabitā. (Record no. 71704)

MARC details
000 -LEADER
fixed length control field 00558cam a22002291 4500
001 - CONTROL NUMBER
control field sa 67000031
003 - CONTROL NUMBER IDENTIFIER
control field DLC
005 - DATE AND TIME OF LATEST TRANSACTION
control field 20260227112311.0
008 - FIXED-LENGTH DATA ELEMENTS--GENERAL INFORMATION
fixed length control field 890918q19001967bg c 000 0 beno
010 ## - LIBRARY OF CONGRESS CONTROL NUMBER
LC control number sa 67000031
035 ## - SYSTEM CONTROL NUMBER
System control number (OCoLC)20362393
040 ## - CATALOGING SOURCE
Original cataloging agency DLC
Transcribing agency WaU
Modifying agency DLC
042 ## - AUTHENTICATION CODE
Authentication code premarc
050 00 - LIBRARY OF CONGRESS CALL NUMBER
Classification number PK1714
Item number .L29
100 1# - MAIN ENTRY--PERSONAL NAME
Personal name Lāhir̥ī, Śānti.
245 10 - TITLE STATEMENT
Title Bāṃlā kabitā.
260 ## - PUBLICATION, DISTRIBUTION, ETC.
Date of publication, distribution, etc. 19--
300 ## - PHYSICAL DESCRIPTION
Extent v.
Other physical details ports.
Dimensions 25 cm.
500 ## - GENERAL NOTE
General note In Bengali.
650 #0 - SUBJECT ADDED ENTRY--TOPICAL TERM
Topical term or geographic name entry element Bengali poetry.
700 1# - ADDED ENTRY--PERSONAL NAME
Personal name Dāśgupta, Malaẏaśaṅkara.

No items available.

Powered by Koha